Statistics for 2017/18 Denver Nuggets Roster

Click here to take the quiz!

General Stats

  • This quiz has been taken 21 times
  • The average score is 7 of 15

Answer Stats

Position Player % Correct
CNikola Jokic
100%
GJamal Murray
80%
FPaul Millsap
70%
GGary Harris
70%
CMason Plumlee
55%
GWill Barton
55%
FWilson Chandler
45%
GEmmanuel Mudiay
45%
GJameer Nelson
40%
FJuan Hernangomez
30%
GMonte Morris
25%
GMalik Beasley
25%
FTyler Lydon
15%
CRoy Hibbert
10%
FTrey Lyles
10%

Score Distribution

Percentile by Number Answered

Percent of People with Each Score

Your Score History

You have not taken this quiz